| 000 | 00970nam0a22002411 4500 | ||
|---|---|---|---|
| 001 | rc\347614 | ||
| 005 | 20250621051429.0 | ||
| 035 | _a(NLR Aleph) 005590767 | ||
| 090 |
_a6210026 _c6210026 |
||
| 100 | _a20030307d1989 |||y0rusy50 ca | ||
| 101 | 0 | _arus | |
| 102 | _aRU | ||
| 105 | _ay ||||||||| | ||
| 200 | 1 |
_aСамостоятельная работа студентов _eУчеб. пособие _f[М-во высш. и сред. спец. образования РСФСР], Ленингр. фин.-экон. ин-т им. Н.А. Вознесенского. Каф. статистики |
|
| 210 |
_aЛ. _cЛФЭИ _d1989 |
||
| 215 |
_a53 с. _d21 |
||
| 320 | _aБиблиогр. в тексте | ||
| 700 | 1 |
_4070 _7ca _8rus _aВасильева _bЭ. К. _cд-р экон. наук _f1929- _gЭвелина Карловна _920712 _3RU\NLR\AUTH\7737724 |
|
| 801 | 0 |
_aRU _bNLR _gpsbo |
|
| 801 | 1 |
_aRU _bELAR _2rusmarc |
|
| 852 |
_aNLR _j89-4/13665 |
||
| 942 | _cBOOK | ||
| 980 | _aNB | ||